Szczegóły MARC21

Leadership practices inventory : facilitator's guide /

005 -DATA I CZAS OSTATNIEJ MODYFIKACJI [,]
    • @
    • pole kontrolne
    • 20140522104137.0
020 -Międzynarod. znormalizowany nr książki - ISBN [ , ]
    • a
    • Numer ISBN
    • 9781118182758 Find
020 -Międzynarod. znormalizowany nr książki - ISBN [ , ]
    • a
    • Numer ISBN
    • 9781118182710 (Self) Find
020 -Międzynarod. znormalizowany nr książki - ISBN [ , ]
    • a
    • Numer ISBN
    • 9781118410202 (Poster) Find
020 -Międzynarod. znormalizowany nr książki - ISBN [ , ]
    • a
    • Numer ISBN
    • 9781118182741 (Observer) Find
020 -Międzynarod. znormalizowany nr książki - ISBN [ , ]
    • a
    • Numer ISBN
    • 9780470907344 (The five practices of exemplary leadership) Find
020 -Międzynarod. znormalizowany nr książki - ISBN [ , ]
    • a
    • Numer ISBN
    • 9781118182734 (Workbook) Find
020 -Międzynarod. znormalizowany nr książki - ISBN [ , ]
    • a
    • Numer ISBN
    • 9781118182727 (Development planner) Find
020 -Międzynarod. znormalizowany nr książki - ISBN [ , ]
    • a
    • Numer ISBN
    • 9781118403389 (flash drive) Find
040 -Instytucja sporządzająca opis [ , ]
    • a
    • Instytucja, która sporządziła opis (NP)
    • SZCZ U/SA
    • c
    • Instytucja, która sporządziła rekord (NP)
    • SZCZ U/SA
    • d
    • Instytucja, która zmodyfikowała rekord (P)
    • SZCZ U/JŚ
041 -Język dokumentu [0, ]
    • a
    • Język tekstu (P)
    • angielski
044 -Kraj miejsca wydania [ , ]
    • a
    • Kraj miejsca wydania
    • USA
942 -Rodzaj dokumentu [ , ]
    • c
    • Rodzaj dokumentu
    • Książka
100 -Hasło główne - nazwa osobowa [1, ]
    • 9
    • KHW
    • 70811
    • a
    • Nazwa osobowa (NP)
    • Kouzes, James M.
    • d
    • Daty biograficzne (NP)
    • (1945- ).
245 -Strefa tytułu i oznaczenia odpowiedzialności [1,0]
    • a
    • Tytuł
    • Leadership practices inventory : Find
    • b
    • Ciąg dalszy tytułu (NP)
    • facilitator's guide / Find
    • c
    • Pozostałe elementy strefy tytułu i oznaczenia odpowiedzialności (NP)
    • James M. Kouzes, Barry Z. Posner.
250 -Strefa wydania [ , ]
    • a
    • Oznaczenie wydania (NP)
    • 4th ed.
260 -Strefa adresu wydawniczego [ , ]
    • a
    • Miejsce wydania (P)
    • San Francisco :
    • b
    • Nazwa wydawcy (P)
    • Pfeiffer,
    • c
    • Data wydania (P)
    • cop. 2013.
300 -Strefa opisu fizycznego [ , ]
    • a
    • Określenie formy książki i/lub objętość (NP)
    • Teka (9 z.) ;
    • c
    • Format (NP)
    • 29 cm +
    • e
    • Oznaczenie dokumentu towarzyszącego (NP)
    • flash drive.
500 -Uwaga ogólna [ , ]
    • a
    • Uwaga ogólna (NP)
    • Zawiera: LPI Facilitator's guide ; LPI: Self ; LPI: Observer ; LPI Workbook ; LPI Development Planner ; The five practices of Exemplary Leadership, 2nd ed. ; LPI Poster ; LPI Reminder Card ; LPI flash drive (includes scoring software and visuals)
538 -Uwaga dot. systemu [ , ]
    • a
    • Uwaga dot. systemu
    • Wymagania systemowe dla dokumentu towarzyszącego: Windows, Mac.
080 -Uniwersalna Klasyfikacja Dziesiętna [ , ]
    • 2
    • Identyfikator wydania tablic
    • UDC-P058
    • 9
    • UKD
    • 2229
    • a
    • Symbol klasyfikacji
    • 005.95/.96
    • b
    • Dopowiedzenie
    • Zarządzanie. Zarządzanie personelem. Zarządzanie zasobami ludzkimi. Mentoring.
    • 4
    • UKD2
    • 7644
    • x
    • Poddział wspólny
    • =111
    • c
    • Dopowiedzenie poddz. wspólnego
    • =Język angielski.
980 -Symbol UKD [ , ]
    • a
    • UKD
    • 005.95/.96=111
700 -Hasło dodatkowe - nazwa osobowa [1, ]
    • 9
    • KHW
    • 70812
    • a
    • Nazwa osobowa (NP)
    • Posner, Barry Z. Find
    • d
    • Daty biograficzne (NP)
    • (1949- ).
920 -ISBN [ , ]
    • a
    • ISBN
    • 978-1-118-18275-8 (Facilitator's guide) Find
920 -ISBN [ , ]
    • a
    • ISBN
    • 978-1-118-18271-0 (Self) Find
920 -ISBN [ , ]
    • a
    • ISBN
    • 978-1-118-41020-2 (Poster) Find
920 -ISBN [ , ]
    • a
    • ISBN
    • 978-1-118-18274-1 (Observer) Find
920 -ISBN [ , ]
    • a
    • ISBN
    • 978-0-470-90734-4 (The five practices of exemplary leadership) Find
920 -ISBN [ , ]
    • a
    • ISBN
    • 978-1-118-18273-4 (Workbook) Find
920 -ISBN [ , ]
    • a
    • ISBN
    • 978-1-118-18272-7 (Development planner) Find
920 -ISBN [ , ]
    • a
    • ISBN
    • 978-1-118-40338-9 (flash drive) Find
Lokalizacja Data inwentaryzacji Sygnatura Numer inwentarzowy Status udost.
T2014-03-12T.15385T.15385-2